TV Show By Initials Quiz Stats

Quiz Updated Nov 3, 2016

Challenge
Share
Tweet
Embed
Score 0/28 Timer 07:00
4 Plays Today
Initials Show % Correct
HIMYMHow I Met Your Mother
85.4%
SYTYCDSo You Think You Can Dance
60.3%
KOTHKing of the Hill
50.9%
DWTSDancing With the Stars
49.6%
TWWWThe Wild Wild West
41.7%
GGGilmore Girls
41.3%
FNLFriday Night Lights
39.3%
ANTMAmerica's Next Top Model
38.6%
TKOQThe King of Queens
36.8%
TTZThe Twilight Zone
36.5%
SPSouth Park
35.7%
LHOTPLittle House on the Prairie
29.5%
TWWThe West Wing
27%
IDOJI Dream of Jeannie
26.1%
Initials Show % Correct
MSWMurder, She Wrote
25.5%
ELREverybody Loves Raymond
25.4%
TBLThe Biggest Loser
21.2%
T7SThat '70s Show
19.8%
BTVSBuffy the Vampire Slayer
16.8%
MWAKMy Wife and Kids
15.9%
BBBreaking Bad
14.7%
SFUSix Feet Under
9.7%
TBHThe Beverly Hillbillies
9.1%
MVMiami Vice
7.4%
BMBarney Miller
6.9%
TGAHThe Greatest American Hero
3.8%
TSMDMThe Six Million Dollar Man
3.3%
SAMKScarecrow and Mrs. King
2.5%

You're not logged in!

Compare scores with friends on all Sporcle quizzes.
Join for Free
OR
Log In

You Might Also Like...

Show Comments

Extras

Top Quizzes Today


Score Distribution

Your Account Isn't Verified!

In order to create a playlist on Sporcle, you need to verify the email address you used during registration. Go to your Sporcle Settings to finish the process.

Report this User

Report this user for behavior that violates our Community Guidelines.

Details: